000 00630nam a22002177a 4500
003 OSt
005 20250716065921.0
008 250716b |||||||| |||| 00| 0 eng d
020 _a978-971-9905-86-8
040 _aDWCL-Main lib
_cOC
082 _aFil. 910.45 L732g 2014
100 _aLim, Romeo D.
245 _aGaming and cruise/
_cRomeo D. Lim
260 _a Manila :
_b Mindshapers Co., Inc.
300 _avi, 479 pages :
_b illustrations ;
_c26 cm.
504 _aIncludes bibliographical references
650 _a1. Gambling
650 _a2. Ocean travel.
650 _a3. Travel.
942 _2ddc
_cBK - FIL
_kFil.
_n0
999 _c3713
_d3713